Statistics for States That Beat New England

Click here to take the quiz!

General Stats

  • This quiz has been taken 93 times
  • The average score is 13 of 15

Answer Stats

RankCategoryAnswer% Correct
8Northernmost PointAlaska | Minnesota | Washington | North Dakota | Montana | Idaho | Michigan
100%
5Largest PopulationCalifornia | Texas | Florida | New York
99%
11*Highest Life ExpectancyHawaii | California | New York | Minnesota | Colorado | New Jersey | Washington | Florida | Utah | Arizona
99%
9Highest Population Density
New Jersey | Maryland | Delaware | New York | Florida | Pennsylvania | Ohio | California
98%
3Longest International BorderAlaska | Texas
97%
8*Lowest % ObeseColorado | Hawaii | New York | New Jersey | Washington | Oregon | Florida
93%
11*Lowest Mean ElevationDelaware | Florida | Louisiana | New Jersey | Mississippi | Maryland | South Carolina | Alabama | Georgia | Illinois
92%
7Most Solar PowerCalifornia | Texas | Florida | North Carolina | Arizona | Nevada
91%
7*Highest % WhiteWest Virginia | North Dakota | Iowa | Montana | Kentucky | South Dakota
89%
3*Oldest Median AgeWest Virginia | Florida
85%
5*Highest % With a College DegreeColorado | Maryland | New Jersey | Virginia
83%
6*Highest Personal Tax BurdenNew York | Hawaii | Minnesota | New Jersey | Illinois
82%
4*Lowest % Gun OwnershipDelaware | New York | New Jersey
80%
4*Highest % CatholicNew Jersey | New Mexico | New York
80%
3Closest to the Great Lakes Without a ShorelineWest Virginia | Iowa
76%

Score Distribution

Percentile by Number Answered

Percent of People with Each Score

Your Score History

You have not taken this quiz